කවි කවට /
Kavi kavata
Saved in:
| Main Author: | |
|---|---|
| Format: | Book |
| Published: |
[තැ.නො.] :
[ප්ර.නො.],
1997.
|
| Tags: |
Add Tag
No Tags, Be the first to tag this record!
|
MARC
| LEADER | 00000nam a22000007a 4500 | ||
|---|---|---|---|
| 003 | LK-CoNLD | ||
| 005 | 20260331092449.0 | ||
| 008 | 260324b |||||||| |||| 00| 0 ||| d | ||
| 015 | |2 slnb | ||
| 017 | |a 277394 |b LK-CoDNA | ||
| 020 | |a 9559633805 | ||
| 040 | |a LK-CoNLD |b SIN |c LK-CoNLD |d LK-CoNLD | ||
| 082 | |2 23 |q LK-CoNLD | ||
| 100 | |a අදිකාරි, ලයනල් |9 59604 | ||
| 245 | |6 880-1 |a කවි කවට / |c ලයනල් අදිකාරි. | ||
| 260 | |a [තැ.නො.] : |b [ප්ර.නො.], |c 1997. | ||
| 300 | |a පි. 80 ; |c සෙමි. 21. |b කබැ-බෝක : රු.75.00 | ||
| 880 | |6 245-1 |a Kavi kavata | ||
| 942 | |c BOOK | ||
| 945 | |a 21990 |b Sachini DHANANJANI |c 18246 |d Chamari MUTHUMALI | ||
| 999 | |c 298434 |d 298434 | ||